| 000 | 00447nam a22001577a 4500 | ||
|---|---|---|---|
| 003 | OSt | ||
| 008 | 260417b |||||||| |||| 00| 0 eng d | ||
| 082 |
_a581.2326 _bT30S |
||
| 100 | _aThakur, Mani Bhushan | ||
| 245 | _aStudies on Colletotrichum Falcatum Weat, The Incitant of Red Rot Disease of Sugarcane | ||
| 260 |
_aPusa, Samastipur _bRAU, Pusa _c2002 |
||
| 300 | _a46P. | ||
| 502 |
_bMsc. _d2002 |
||
| 650 | _aPlant Pathology | ||
| 942 |
_2ddc _cT |
||
| 999 |
_c50079 _d50079 |
||